| 000 | 00453nam a22001457a 4500 | ||
|---|---|---|---|
| 003 | OSt | ||
| 005 | 20241004145524.0 | ||
| 008 | 241004b |||||||| |||| 00| 0 eng d | ||
| 040 | _c0 | ||
| 082 | _aDPer 370.15 J826 April - May 2021 v113no. 3-4 | ||
| 245 | _aJournal of educational psychology. | ||
| 260 |
_aWashington; _bAmerican Psychological Association, _cApril-May 2023. |
||
| 300 |
_avarious paging: _bcolor illustrations; _c30 cm. |
||
| 942 |
_2ddc _cPER |
||
| 999 |
_c22229 _d22229 |
||